• 首页
  • 本馆介绍
  • 公告通知
  • 最新文献
  • 馆藏检索
  • 电子资源
  • 读者导购
  • 参考咨询
  • 我的图书馆
  • 登录
  • 详细信息显示
  • 放入我的书架
  • 预约/预借图书
  • 作者相关作品
  • 分类相关作品
  • 丛书相关作品
  • 出版社相关作品

书目信息

  • 表格格式
  • 工作单格式
  • 卡片格式
题名:
我国学校体育教学内容研究
    
 
作者: 蔺新茂 , 孙思哲 著
分册:  
出版信息: 重庆   重庆大学出版社  2020.12
页数: 305页
开本: 26cm
丛书名:
单 册:
中图分类: G807.01
科图分类:
主题词: 体育教学--教学研究--中国
电子资源:
ISBN: 978-7-5689-2367-5
000 00928nam0 2200241 450
001 012001001320
005 20140201135719.0
010    @a978-7-5689-2367-5@dCNY78.00
100    @a20220905d2020 em y0chiy50 ea
101 0  @achi
102    @aCN@b500000
105    @ay z 000yy
106    @ar
200 1  @a我国学校体育教学内容研究@Awo guo xue xiao ti yu jiao xue nei rong yan jiu@f蔺新茂,孙思哲著
210    @a重庆@c重庆大学出版社@d2020.12
215    @a305页@d26cm
330    @a本书共分六章,内容包括:学校体育教学内容简论、中国体育与学校体育教学内容、中国学校体育教学内容历史沿革与发展分析、影响学校体育教学内容选编的思想分析、中国学校体育教学内容存在的问题及归因分析、中国学校体育教学内容的文化化建设思考。
606 0  @a体育教学@x教学研究@y中国
690    @aG807.01@v5
701  0 @a蔺新茂@Alin xin mao@4著
701  0 @a孙思哲@Asun si zhe@4著
801  0 @aCN@bAHXH@c20221111
905    @b1366113-7@dG807.01@e2026@f5
    
    我国学校体育教学内容研究/蔺新茂,孙思哲著.-重庆:重庆大学出版社,2020.12
    305页;26cm
    
    
    ISBN 978-7-5689-2367-5:CNY78.00
    本书共分六章,内容包括:学校体育教学内容简论、中国体育与学校体育教学内容、中国学校体育教学内容历史沿革与发展分析、影响学校体育教学内容选编的思想分析、中国学校体育教学内容存在的问题及归因分析、中国学校体育教学内容的文化化建设思考。
●
相关链接 在E读中查询图书 在五车中查询图书 在当当中查询图书 在豆瓣中查询图书


正题名:我国学校体育教学内容研究     索取号:G807.01/2026         预约/预借

序号 登录号 条形码 馆藏地/架位号 状态 备注
1 1366113   213661134   第一样本阅览室/ [索取号:G807.01/2026] 在馆    
2 1366114   213661143   教育系资料室/ [索取号:G807.01/2026] 在馆    
3 1366115   213661152   教育系资料室/ [索取号:G807.01/2026] 在馆    
4 1366116   213661161   第四借阅区/ [索取号:G807.01/2026] 在馆    
5 1366117   213661170   第四借阅区/ [索取号:G807.01/2026] 在馆    
唐山师范学院图书馆 欢迎您!
大连网信软件有限公司© 版权所有